Statistics for LAM Mozambique Airlines-Maputo

Click here to take the quiz!

General Stats

  • This quiz has been taken 37 times
  • The average score is 5 of 13

Answer Stats

CountryAirport% Correct
KenyaNairobi
100%
South AfricaJohannesburg
96%
AngolaLuanda
92%
MozambiqueBeira
54%
MozambiqueInhambane
29%
MozambiqueNampula
29%
MozambiquePemba
25%
MozambiqueTete
25%
MozambiqueChimoio
21%
MozambiqueLichinga
21%
MozambiqueNacala
21%
MozambiqueQuelimane
21%
MozambiqueVilankulo
8%

Score Distribution

Percentile by Number Answered

Percent of People with Each Score

Your Score History

You have not taken this quiz